[Event "Arapiraca Lopez Memorial 1st"]
[Site "Arapiraca"]
[Date "2016.??.??"]
[Round "3"]
[White "Da Fonseca, Alexandre Norman Ba"]
[Black "Da Fonseca, Rafael Dias"]
[Result "1/2-1/2"]
[WhiteElo "1734"]
[BlackElo "1800"]
[PlyCount "68"]
[EventDate "2016.07.16"]
[EventType "swiss"]
[EventRounds "6"]
[EventCountry "BRA"]
[SourceTitle "EXT 2017"]
[Source "ChessBase"]
[SourceDate "2016.10.25"]
[SourceVersion "1"]
[SourceVersionDate "2016.10.25"]
[SourceQuality "1"]

1. e4 e6 2. Nf3 d5 3. e5 c5 4. c3 Nc6 5. Bd3 Qc7 6. Qe2 Bd7 7. Bc2 Nge7 8. d4 cxd4 9. cxd4 Nb4 10. Nc3 Nxc2+ 11. Qxc2 Nf5 12. 0-0 Bb4 13. a3 Ba5 14. Be3 Rc8 15. Rac1 h6 16. Qd2 0-0 17. b4 Bb6 18. Nxd5 Qd8 19. Nxb6 Qxb6 20. Rxc8 Rxc8 21. Rc1 Rxc1+ 22. Qxc1 Qa6 23. Qc3 Bc6 24. Nd2 Qe2 25. Nf1 Bb5 26. Qc1 Qd3 27. Ng3 Nxd4 28. Qd2 Qxd2 29. Bxd2 Nc2 30. Bc1 Ne1 31. f3 Nd3 32. Bd2 Nxe5 33. Kf2 Kf8 34. Ke3 Nc4+ 1/2-1/2